[Event "Reykjavik op"]
[Site "Reykjavik"]
[Date "2023.03.30"]
[Round "3"]
[White "Shadrina, Eva"]
[Black "Fouassier, Paul"]
[Result "1-0"]
[WhiteElo "1563"]
[BlackElo "1848"]
[PlyCount "29"]
[EventDate "2023.03.29"]
[EventType "swiss"]
[EventRounds "9"]
[EventCountry "ISL"]
[SourceTitle "CBM 213 Extra"]
[Source "ChessBase"]
[SourceDate "2023.05.31"]
[SourceVersion "1"]
[SourceVersionDate "2023.05.31"]
[SourceQuality "1"]

1. e4 c5 2. Nf3 Nc6 3. d4 cxd4 4. Nxd4 g6 5. Nc3 Bg7 6. Be3 Nf6 7. Bc4 Qa5 8. f3 Nxe4 9. fxe4 Qb4 10. Bxf7+ Kxf7 11. 0-0+ Ke8 12. Nd5 Qa5 13. Nb5 e6 14. Ndc7+ Kd8 15. Bg5+ 1-0